Statystyki dla Kierowcy F1 2018

Kliknij tutaj aby rozwiązać quiz!

Ogólne statystyki

  • Ten quiz został rozwiązany 34 razy
  • Średni wynik to 16 z 20

Statystyki odpowiedzi

NumerKierowca% Poprawnych
44Lewis Hamilton
100%
16Charles Leclerc
97%
33Max Verstappen
93%
77Valtteri Bottas
93%
55Carlos Sainz
90%
14Fernando Alonso
90%
18Lance Stroll
86%
5Sebastian Vettel
86%
10Pierre Gasly
83%
11Sergio Perez
83%
31Esteban Ocon
79%
20Kevin Magnussen
79%
3Daniel Ricciardo
76%
8Romain Grosjean
76%
7Kimi Raikkonen
72%
27Nico Hulkenberg
66%
9Marcus Ericsson
62%
35Sergey Sirotkin
62%
2Stoffel Vandoorne
55%
28Brendon Hartley
45%

Rozkład punktacji

Percentyl według liczby udzielonych odpowiedzi

Procent ludzi z każdym wynikiem

Twoja historia wyników

Nie rozwiązałeś tego quizu